[Event "VIE-ch U13 Girls"]
[Site "Hanoi"]
[Date "2022.06.15"]
[Round "6"]
[White "Nguyen, Minh Hanh"]
[Black "Ngo, Bao Quyen"]
[Result "1/2-1/2"]
[WhiteElo "2154"]
[BlackElo "2132"]
[PlyCount "42"]
[EventDate "2022.06.11"]
[EventType "swiss"]
[EventRounds "9"]
[EventCountry "VIE"]
[SourceTitle "EXT 2023"]
[Source "ChessBase"]
[SourceDate "2022.10.05"]
[SourceVersion "1"]
[SourceVersionDate "2022.10.05"]
[SourceQuality "1"]

1. e4 c5 2. Nf3 d6 3. d4 cxd4 4. Qxd4 Nc6 5. Bb5 Bd7 6. Bxc6 Bxc6 7. Nc3 e5 8. Qd3 Be7 9. Be3 Nf6 10. 0-0-0 0-0 11. Bg5 Nd5 12. Bxe7 Nxe7 13. Qxd6 Qxd6 14. Rxd6 Ng6 15. Rhd1 f5 16. Ng5 fxe4 17. Ngxe4 Rac8 18. f3 Nh4 19. R1d2 a5 20. Nd5 Ng6 21. Ng5 Rfe8 1/2-1/2